Pochybné kroky ruské vlády

Kroky ruskej vlády v reakcii na ruskú finančnú krízu majú negatívny dopad na zahraničných investorov v Rusku a veriteľov ruských podnikov, bánk a ruského štátu. Antikrízové opatrenia sa týkajú dvoch oblastí - moratória na platby zahraničného dlhu a reštrukturalizácie ruského suverénneho dlhu.

Enregistré dans:
Détails bibliographiques
Auteur principal: Jílek, Josef
Format: Chapitre de livre
Langue:tchèque
Sujets:
Tags: Ajouter un tag
Pas de tags, Soyez le premier à ajouter un tag!

MARC

LEADER 00000naa a2200000 4500
001 r033752
005 20230908085357.8
041 0 |a cze 
044 |a CZ 
245 1 0 |a Pochybné kroky ruské vlády  |c Josef Jílek 
520 |a Kroky ruskej vlády v reakcii na ruskú finančnú krízu majú negatívny dopad na zahraničných investorov v Rusku a veriteľov ruských podnikov, bánk a ruského štátu. Antikrízové opatrenia sa týkajú dvoch oblastí - moratória na platby zahraničného dlhu a reštrukturalizácie ruského suverénneho dlhu. 
610 2 0 |a kríza finančná 
610 2 0 |a Rusko 
610 2 0 |a vláda 
610 2 0 |a dlhy 
610 2 0 |a dlhy štátne 
610 2 0 |a reštrukturalizácia 
610 2 0 |a dlhopisy štátne 
610 2 0 |a investori 
100 1 |a Jílek, Josef